Southville International School and Colleges
Your cart is empty.
  • Cart
  • Lists
    Public lists Eva Luna New books Lux_list list_1
    Your lists Log in to create your own lists
  • Log in to your account
  • Your cookies
  • Search history
Southville International School and Colleges
  • Advanced search
  • Recent comments
  • Most popular
  • Libraries

Log in to your account

Log in with GOOGLE


If you do not have an external account, but do have a local account, you can still log in:

  1. Home
  2. MARC view: The Rules of life :
Normal view MARC view ISBD view

The Rules of life : (Record no. 363137)

[ view plain ]
MARC details
000 -LEADER
fixed length control field 00579nam a2200205Ia 4500
008 - FIXED-LENGTH DATA ELEMENTS--GENERAL INFORMATION
fixed length control field 191119s9999 xx 000 0 und d
020 ## - INTERNATIONAL STANDARD BOOK NUMBER
International Standard Book Number 978-1-292-08560-9
050 ## - LIBRARY OF CONGRESS CALL NUMBER
Classification number MAIN BJ 1581.2
050 ## - LIBRARY OF CONGRESS CALL NUMBER
Item number .T46 2015
100 ## - MAIN ENTRY--PERSONAL NAME
Personal name Templar, Richard.
245 #4 - TITLE STATEMENT
Title The Rules of life :
245 #2 - TITLE STATEMENT
Remainder of title a personal code for living a better, happier, more successful kind of life /
245 #0 - TITLE STATEMENT
Statement of responsibility, etc Richard Templar.
260 ## - PUBLICATION, DISTRIBUTION, ETC. (IMPRINT)
Place of publication, distribution, etc Harlow, England :
260 ## - PUBLICATION, DISTRIBUTION, ETC. (IMPRINT)
Name of publisher, distributor, etc Pearson Education Limited,
260 ## - PUBLICATION, DISTRIBUTION, ETC. (IMPRINT)
Date of publication, distribution, etc 2015
300 ## - PHYSICAL DESCRIPTION
Extent 255 pages :
300 ## - PHYSICAL DESCRIPTION
Dimensions 21 cm.
650 ## - SUBJECT ADDED ENTRY--TOPICAL TERM
Topical term or geographic name as entry element Conduct of life.
Holdings
Withdrawn status Lost status Damaged status Home library Current library Shelving location Date acquired Cost, normal purchase price Total Checkouts Full call number Barcode Date last seen Price effective from Koha item type
      South Mansfield College South Mansfield College   09/09/2019 639.20   MAIN BJ 1581.2 .T46 2015 SMC06272 06/01/2020 06/01/2020  

The Rules of life :

APA

Templar R., .The Rules of life. Harlow, England: .

Chicago

Templar Richard, .The Rules of life. Harlow, England: .

Harvard

Templar R., .The Rules of life. Harlow, England: .

MLA

Templar Richard, .Harlow, England: . .

  • Place hold
  • Print
  • Cite
  • Add to your cart (remove)
  • Save record
    BIBTEX Dublin Core MARCXML MARC (non-Unicode/MARC-8) MARC (Unicode/UTF-8) MARC (Unicode/UTF-8, Standard) MODS (XML) RIS
  • More searches
    Search for this title in:
    Other Libraries (WorldCat) Other Databases (Google Scholar) Online Stores (Bookfinder.com) Open Library (openlibrary.org)

Exporting to Dublin Core...

SOUTHVILLE LIBRARY

Southville International School and Colleges Library

1281 Tropical Ave. Cor. Luxembourg St., BF Homes International, Las Pinas City

Tel. No. 8256374 / 252358 Loc. 117/146

Powered by Koha